01463nam a2200385Ia 4500001001200000003000800012006001900020007001500039008004100054010001700095020002500112020002200137020001800159020001500177020001800192040002100210035002100231050002800252082001500280100002600295245006700321260007200388300001500460490002700475504006300502533015200565600006000717650004800777655002900825710002100854710001700875830004000892856012600932999001901058ebr10723920CaPaEBRm o u cr cn|||||||||101105s2010 enk sb 001 0 eng d z 2010549198 z9780746309438 (pbk.) z0746309430 (pbk.) z9780746310366 z0746310366 z9780746312476 aCaPaEBRcCaPaEBR a(OCoLC)85456950414aPR9199.3.A8bZ97 2010eb04a813.542221 aWynne-Davies, Marion.10aMargaret Atwoodh[electronic resource] /cMarion Wynne-Davies. aHorndon, Tavistock, Devon, UK :bNorthcote, British Council,c2010. axv, 104 p.1 aWriters and their work aIncludes bibliographical references (p. 97-101) and index. aElectronic reproduction.bPalo Alto, Calif. :cebrary,d2013.nAvailable via World Wide Web.nAccess may be limited to ebrary affiliated libraries.10aAtwood, Margaret,d1939-xCriticism and interpretation. 0aAuthors, Canadiany20th centuryvBiography. 7aElectronic books.2local2 aBritish Council.2 aebrary, Inc. 0aWriters and their work (Unnumbered)40uhttp://site.ebrary.com/lib/rucke/Doc?id=10723920zAn electronic book accessible through the World Wide Web; click to view c152662d152662